000
00303nam a22001337a 4500
008
170714b xxu||||| |||| 00| 0 eng d
020
_a
0877790418
041
_a
eng
080
_a
038
100
_a
26
101
_a
FJA
245
_a
WEBSTER'S NEW DICTIONARY OF SYNONYMS
_c
WEBSTER, M
942
_2
udc
_c
BK
999
_c
20934
_d
20934